Friends Trivia - Statistics

General Stats
  • This quiz has been taken 571 times
    560 since last reset
  • The average score is 18 of 27
Answer Stats
Hint Answer % Correct
Who hates Thanksgiving? chandler
99%
How many times did Ross get married? 3
94%
What soap opera does Joey play a neurosurgeon on? Days of our lives
85%
How many categories does Monica have for her towels? 11
84%
What fruit is Ross allergic to? kiwi
84%
Who mugged Ross as a Child? Phoebe
82%
Who does Rachel leave at the alter during her wedding? Barry
81%
Which of Joey's girlfriends does Chandler fall in love with? Kathy
81%
What animal does Ross dress up as to teach Ben about Hanukkah? armadillo
77%
What did Mike change his name to for an episode? crap bag
76%
What was the name of Chandlers crazy roommate after Joey moves out? eddie
74%
What actress left Chandler stranded in a bathroom with only a pink thong on? Julia Roberts
74%
What type of animal is Joey's stuffed bedtime pal? penguin
73%
What do Chandler and Monica name there twin son? Jack
72%
What is Rachel's favorite movie? Weekend at Bernies
72%
What was the name of Joey's Recliner Chair that broke? Rosita
70%
Ben attends school with the son of what famous person? Sting
63%
What actor plays Phoebe's husband? Paul Rudd
59%
What alias does Joey use? ken adams
58%
What was his name? Sandy
58%
What band do Monica, Chandler, and Ross see for Ross' Birthday? Hootie and the Blowfish
57%
What is the name of the "yeti" that Monica and Rachel Fog in the basement? Danny
55%
What comic book is stolen from Ross when he got mugged? science boy
55%
What is the name of Monica and Ross' grandmother that passes away? Althea
48%
Who plays Ross and Rachels nanny? Freddie Prinze jr.
31%
What does Joey name his sail boat? mr. beaumont
21%
What casino did Joey work at in Las Vegas? Caesars Palace
19%
No matching quizzes found
Score Distribution
Percent of People with Each Score
Percentile by Number Answered
Your Score History
You have not taken this quiz since the last reset